000 02230nam0a2200325 4500
001 RU\NLR\BIBL_A\012154721
005 20191216150136.0
010 _a978-5-98356-343-8
_9500
021 _aRU
_bКН-П-19-082311
_9КН-П-19-5981
035 _a(NLR Aleph) 012154721
035 _a(RuMoRGB)010143024
090 _a12161938
_c12161938
100 _a20191204d2019 k y0rusy50 ca
101 0 _arus
102 _aRU
105 _aabc|z|||000zy
200 1 _aУглеводородный и минерально-сырьевой потенциал кристаллического фундамента
_eматерилы Международной научно-практической конференции, 2-3 сентября 2019 года, [Казань]
_fМинистерство промышленности и торговли Республики Татарстан [и др.
_gнаучные редакторы: Р.Х. Муслимов, д.г.-м.н., проф., акад. АН РТ, М. Х. Салахов, д.с.х.н., проф., акад. АН РТ]
210 _aКазань
_cИхлас
_d2019
215 _a334 с.
_cил., цв. ил., портр., карт., табл.
_d30
320 _aБиблиогр. в конце ст.
606 1 _aКристаллический фундамент (геол.)
_xНефтегазоносность
_jСъезды, совещания и т.п
_2nlr_sh1
_2nlr_sh2
_3RU\NLR\AUTH\661383582
686 1 _aД454.1-231.6я431(0)
702 1 _aМуслимов
_bР. Х.
_f1934-
_gРенат Халиуллович
_3RU\NLR\AUTH\771007
_4340
711 1 2 _a"Углеводородный и минерально-сырьевой потенциал кристаллического фундамента", международная научно-практическая конференция
_f2019
_eКазань
_3RU\NLR\AUTH\880513243
712 0 1 _aРеспублика Татарстан
_bМинистерство промышленности и торговли
_3RU\NLR\AUTH\880505647
_4570
942 _cBOOK
980 _aNB